000 00498cam a22001337a 4500
008 180718b2008 xxu||||| |||| 00| 0 eng d
082 _aAPPPA 2007-2008/KUM
100 _aKumar, T.K. Manoj
245 _aDevelopment and social justice: a study of two communities in Delhi
_cby T.K. Manoj Kumar
260 _aNew Delhi
_bIndian Institute of Public Administration
_c2008
300 _a79+p.
500 _aAn APPPA M.Phil dissertation, 2007-08 (Guide: Sushma Yadav)
650 _aBackward classes - India
999 _c493597
_d493597